MCSE training kit. (Record no. 61864)

000 -LEADER
fixed length control field 01268cam a22003134a 4500
001 - CONTROL NUMBER
control field 11848474
003 - CONTROL NUMBER IDENTIFIER
control field NUST-PNEC
005 - DATE AND TIME OF LATEST TRANSACTION
control field 20170116180733.0
008 - FIXED-LENGTH DATA ELEMENTS--GENERAL INFORMATION
fixed length control field 991123s2000 waua 001 0 eng
010 ## - LIBRARY OF CONGRESS CONTROL NUMBER
LC control number 99059499
020 ## - INTERNATIONAL STANDARD BOOK NUMBER
International Standard Book Number 1572319011
040 ## - CATALOGING SOURCE
Transcribing agency PNEC
042 ## - AUTHENTICATION CODE
Authentication code pcc
050 00 - LIBRARY OF CONGRESS CALL NUMBER
Item number .M33454 2000
082 00 - DEWEY DECIMAL CLASSIFICATION NUMBER
Classification number 005.44769 MIC
Edition number 21
100 ## - MAIN ENTRY--PERSONAL NAME
9 (RLIN) 1014
Personal name Microsoft
245 00 - TITLE STATEMENT
Title MCSE training kit.
Name of part/section of a work PNECMicrosoft Windows 2000 professional/
Statement of responsibility, etc. Microsoft Corporation.
260 ## - PUBLICATION, DISTRIBUTION, ETC.
Place of publication, distribution, etc. Redmond, WA :
Name of publisher, distributor, etc. Microsoft Press,
Date of publication, distribution, etc. 2000.
300 ## - PHYSICAL DESCRIPTION
Extent xliii, 703 p. :
Other physical details ill. ;
Dimensions 23 cm.
500 ## - GENERAL NOTE
General note Also issued in a 4 vol. container ed.
630 00 - SUBJECT ADDED ENTRY--UNIFORM TITLE
Uniform title Microsoft Windows (Computer file)
650 #0 - SUBJECT ADDED ENTRY--TOPICAL TERM
Topical term or geographic name entry element Electronic data processing personnel
General subdivision Certification.
650 #0 - SUBJECT ADDED ENTRY--TOPICAL TERM
Topical term or geographic name entry element Microsoft software
General subdivision MIS
Form subdivision Study guides.
710 2# - ADDED ENTRY--CORPORATE NAME
Corporate name or jurisdiction name as entry element Microsoft Corporation.
856 42 - ELECTRONIC LOCATION AND ACCESS
Materials specified Publisher description
Uniform Resource Identifier <a href="http://www.amazon.com/Microsoft-Windows-2000-Requirements-70-210/dp/1572319011/ref=sr_1_1?ie=UTF8&qid=1416461151&sr=8-1&keywords=1572319011">http://www.amazon.com/Microsoft-Windows-2000-Requirements-70-210/dp/1572319011/ref=sr_1_1?ie=UTF8&qid=1416461151&sr=8-1&keywords=1572319011</a>
906 ## - LOCAL DATA ELEMENT F, LDF (RLIN)
a 7
b cbc
c orignew
d 1
e ocip
f 19
g y-gencatlg
942 ## - ADDED ENTRY ELEMENTS (KOHA)
Source of classification or shelving scheme
Koha item type Book
Holdings
Withdrawn status Lost status Source of classification or shelving scheme Damaged status Not for loan Permanent Location Current Location Shelving location Date acquired Source of acquisition Cost, normal purchase price Total Checkouts Full call number Barcode Date last seen Cost, replacement price Price effective from Koha item type
          Pakistan Navy Engineering College (PNEC) Pakistan Navy Engineering College (PNEC)   10/23/2001 NUST Recurring A/c 150.00   005.44769 MIC PNECLIB-023131 11/20/2014 150.00 10/23/2001 Book
© 2023 Central Library, National University of Sciences and Technology. All Rights Reserved.